00721nam a2200169 a 450000100100000000500170001000800410002704000250006808200150009324501700010826000770027830000200035571000370037504900090041295201130042199900170053400002903620200930055306.0110412s1981 dr 000 0 spa d aDO-SdBNPbspacBNPHU axxxbC762d10aDiscurso leido por el Lic. Nestor Contín Aybar presidente de la Suprema Corte de Justicia en la solemne apertura de los tribunales celebrada el 7 de enero de 1981. aSanto Domingo :bSuprema Corte de JusticiabEditora del Caribe,c[1981]. a22 p. ;c22 cm.2 aSuprema Corte de Justicia935963 aBNPD 0010718PDaPDbPDcCTd2011-04-13iLF1l0oxxx C762dp29036-10r2020-06-25w2020-06-25yLFPDZNo se presta c28528d28528